Data mining: el arte de anticipar

Wedi'i Gadw mewn:
Manylion Llyfryddiaeth
Prif Awduron: Palma, Claudio (autor), Pérez, Ricardo (Awdur)
Awduron Eraill: Palma, Wilfredo (autor)
Fformat: Llyfr
Iaith:Sbaeneg
Cyhoeddwyd: Santiago Ril Editores 2009
Rhifyn:1a. ed
Pynciau:
Tagiau: Ychwanegu Tag
Dim Tagiau, Byddwch y cyntaf i dagio'r cofnod hwn!

MARC

LEADER 00000cam a2200000 a 4500
001 UCF8646
003 CL-VaPUC
008 130930e20091200cl |||||||||||||||||spa|d
020 |a 9789562847117 
082 0 4 |a 006.3  |b PAL  |2 21 
100 |a Palma, Claudio  |e autor  |9 570771 
700 |a Palma, Wilfredo  |e autor  |9 570772 
700 0 |a Pérez, Ricardo  |e author  |9 570773 
245 1 0 |a Data mining: el arte de anticipar 
250 |a 1a. ed 
300 |a 154 p 
942 |c BK 
945 |d 20130930 13:19:00  |a dcastane 
260 |a Santiago  |b Ril Editores  |c 2009 
650 0 |a Data mining (Minería de datos)   |9 493858 
650 7 |a INTELIGENCIA ARTIFICIAL  |2 CL-VaPUC  |9 570774 
650 7 |a REDES COMPUTACIONALES  |2 CL-VaPUC  |9 454213 
650 7 |a MINERIA DE DATOS  |2 CL-VaPUC  |9 570775 
650 0 |a Bases de datos   |9 260577 
650 0 |a Análisis de la información  |9 306986 
650 7 |a PROCESAMIENTO DE LA INFORMACION  |2 CL-VaPUC  |9 260052 
583 |a last modification  |c 20131129 12:59:11  |k Rodrigo Vera 
999 |c 353213  |d 353211 
952 |0 0  |1 0  |3 erb  |4 0  |6 006_300000000000000_PAL_2009  |7 0  |8 A  |9 458294  |a BIBCUR  |b BIBCUR  |d 2019-11-23  |i 5011388  |l 1  |o 006.3 PAL 2009  |p 5011388  |r 2025-04-22  |s 2024-11-20  |w 2019-11-23  |y BK  |z Catalogado en:20130930  |k PER